Producción de pobreza y construcción de subjetividad /
Los temas eruditos de filosofía política sobre justicia, igualdad, pacto social, razón y derechos universales, son retomados por la autora para analizar las estrategias discursivas que tratan de legitimar las prácticas del capitalismo contemporáneo. Los conceptos y definiciones no son inocentes y me...
Gespeichert in:
| 1. Verfasser: | |
|---|---|
| Format: | Text |
| Schlagworte: | |
| Tags: |
Tag hinzufügen
Keine Tags, Fügen Sie den ersten Tag hinzu!
|
MARC
| LEADER | 00000 a a2200000 04500 | ||
|---|---|---|---|
| 001 | 41911 | ||
| 003 | |||
| 040 | |||
| 100 | |a Murillo, Susana | ||
| 245 | |a Producción de pobreza y construcción de subjetividad / |c Susana Murillo | ||
| 520 | |a Los temas eruditos de filosofía política sobre justicia, igualdad, pacto social, razón y derechos universales, son retomados por la autora para analizar las estrategias discursivas que tratan de legitimar las prácticas del capitalismo contemporáneo. Los conceptos y definiciones no son inocentes y menos aún corresponden a categorías autoevidentes. En lo que concierne a la pobreza y la desigualdad la ofensiva liberal se vale de dos estrategias discursivas: la primera, naturalizando las diferencias al presentarlas como ontológicas; y la segunda, sustituyendo el paradigma clásico al despojar de su importancia al colectivo, a las estructuras y al Estado, que pasan a ser subordinados de lo individual y de las acciones pseudoautónomas. | ||
| 590 | |a DISEMINAR102011/NOVIEMBRE2011 | ||
| 650 | |a 1.POBREZA | ||
| 650 | |a 2.DESIGUALDAD SOCIAL | ||
| 650 | |a 3.NEOLIBERALISMO | ||
| 650 | |a 4.BANCO MUNDIAL | ||
| 650 | |a 5.DISCURSOS | ||
| 650 | |a 6.LIBERALISMO | ||
| 650 | |a 7.FILOSOFIA | ||
| 773 | |g (2008), páginas 41-77 | ||
| 999 | |c 32204 |d 32204 | ||
